000 00717cam a2200217 a 4500
001 000011908
005 20200929162620.0
008 800801s1977 ve f001 0 spa
040 _aDO-SdBNP
_bspa
_cLC
_dBNPHU
082 _a460
_bR813s
100 1 _aRosenblat, Angel.
_928168
245 1 0 _aSentido magico de la palabra y otros estudios /
_cAngel Rosenblat.
260 _aCaracas :
_bUniversidad Central de Venezuela, Ediciones de la Biblioteca,
_c1977.
300 _a311 p. ;
_c22 cm.
490 1 _aArte y literatura,
_v6
650 4 _aLenguaje y lenguas
_9407
650 4 _aEspañol
_zAmérica Latina
_928169
830 0 _aArte y literatura,
_v6
_910210
910 _aCatalogación por copia / LC
049 _aBNGR
999 _c11578
_d11578